| 000 | 00718nam a2200193 a 4500 | ||
|---|---|---|---|
| 001 | 5462 | ||
| 003 | CDMR | ||
| 005 | 20151016130001.0 | ||
| 008 | 130130s1989||||||||||||||||||||||||||||d | ||
| 040 |
_aCDMR _bcat _cCDMR |
||
| 245 | 0 | 0 |
_aPremsa, comunicació i cultura a Catalunya durant el primer terç del segle XX _cFrancesc Espinet ... [et al.] |
| 260 |
_aBellaterra _c1989 _bFacultat de Ciències de la Informació. UAB |
||
| 300 | _a64 p. | ||
| 650 | 0 | 4 |
_91524 _aPremsa _xHistòria _zCatalunya _yS. XX |
| 650 | 0 | 4 |
_93211 _aComunicació i cultura _zCatalunya |
| 700 | 1 |
_93701 _aEspinet i Burunat, Francesc |
|
| 710 | 2 |
_9144 _aUniversitat Autònoma de Barcelona _b -- Facultat de Ciències de la Informació |
|
| 942 |
_cMON _2udc |
||
| 999 |
_c5462 _d5462 |
||